banner koha

Gramíneas e leguminosas na recuperação de áreas degradadas: efeito nas caracteristicas químicas de solo (Registro n. 171527)

MARC details
000 -LÍDER
campo de controle de tamanho fixo 00956nas a2200301 4500
001 - NÚMERO DE CONTROLE
campo de controle BR0204090
003 - IDENTIFICADOR DO NÚMERO DE CONTROLE
campo de controle BR-BrBNA
005 - DATA E HORÁRIO DA ÚLTIMA TRANSAÇÃO
campo de controle 20231205103200.0
007 - CAMPO FIXO DE DESCRIÇÃO FÍSICA--INFORMAÇÃO GERAL
campo de controle de tamanho fixo ta
008 - CAMPO DE DADOS FIXOS--INFORMAÇÃO GERAL
campo de controle de tamanho fixo 230509b bl.|||p| |||| 00| 00por d
040 ## - FONTE DA CATALOGAÇÃO
Instituição da catalogação original BR-BrBNA
Idioma da catalogação por
Instituição que transcreveu o registro Biblioteca Nacional de Agricultura
041 ## - CÓDIGO DE IDIOMA
Código do idioma do texto/trilha sonora ou título diferente (Pt)
072 ## - CÓDIGO DE CATEGORIA DE ASSUNTO
Código de Categoria de Assunto P36
100 1# - ENTRADA PRINCIPAL--NOME PESSOAL
Nome pessoal Santos, A.C.
100 1# - ENTRADA PRINCIPAL--NOME PESSOAL
Nome pessoal Silva, I.F.
100 1# - ENTRADA PRINCIPAL--NOME PESSOAL
Nome pessoal Lima, J.R.S.
100 1# - ENTRADA PRINCIPAL--NOME PESSOAL
Nome pessoal Andrade, A.P.
100 1# - ENTRADA PRINCIPAL--NOME PESSOAL
Nome pessoal Cavalcante, V.R.
245 1# - TÍTULO
Título Gramíneas e leguminosas na recuperação de áreas degradadas: efeito nas caracteristicas químicas de solo
650 ## - ASSUNTO--TERMO TÓPICO
Cabeçalho tópico ou nome geográfico DETERIORAÇÃO DO SOLO
650 ## - ASSUNTO--TERMO TÓPICO
Cabeçalho tópico ou nome geográfico RECUPERAÇÃO DO SOLO
650 ## - ASSUNTO--TERMO TÓPICO
Cabeçalho tópico ou nome geográfico GRAMÍNEA
650 ## - ASSUNTO--TERMO TÓPICO
Cabeçalho tópico ou nome geográfico LEGUMINOSA
650 ## - ASSUNTO--TERMO TÓPICO
Cabeçalho tópico ou nome geográfico PROPRIEDADE FÍSICO-QUÍMICA
773 0# - ENTRADA ANALÍTICA
Título Revista Brasileira de Ciência do Solo (Brazil)
ISSN - International Standard Serial Number ISSN 0100-0683
Partes relacionadas (Oct-Dec 2001), v. 25(4) p. 1063-1071
Número de controle do registro BR0204090
909 ## -
-- 202311
-- Lúcia
-- 55
-- Lúcia Elande
942 ## - ELEMENTOS DE ENTRADA ADICIONADOS (KOHA)
Fonte da classificação ou esquema de arquivamento na estante Classificação AGRIS
Ocultar no OPAC Não
Tipo de material Koha Analítica
Exemplares
Situação do descarte Fonte da classificação ou esquema de arquivamento na estante Situação física Não pode ser emprestado Biblioteca de origem Biblioteca atual Localização na estante Enumeração do periódico / cronologia Total de empréstimos Data de último acesso Número do exemplar Tipo de material Koha Fonte de aquisição
  Classificação AGRIS   Consulta local Biblioteca Nacional de Agricultura - Binagri Biblioteca Nacional de Agricultura - Binagri   (Oct-Dec 2001), v. 25(4) p. 1063-1071   29/11/2023 01 Periódicos Portaria Interministerial nº 164/94

BINAGRI

Telefone: (61)3218-2567/2388/3357/2097 - binagri@agro.gov.br

Ministério da Agricultura e Pecuária , Esplanada dos Ministérios, Bloco D, Anexo B, Brasília/DF, CEP: 70.043-900